[Event "IMSA Basque w 2016"]
[Site "Huai'an CHN"]
[Date "2016.03.03"]
[Round "5.13"]
[White "Ju, Wenjun"]
[Black "Ushenina, Anna"]
[Result "1-0"]
[WhiteTitle "GM"]
[BlackTitle "GM"]
[WhiteElo "2558"]
[BlackElo "2450"]
[WhiteFideId "8603006"]
[BlackFideId "14110911"]
[EventDate "2016.03.02"]

1. c4 c6 2. Nf3 d5 3. d4 e6 4. b3 Nf6 5. e3 Bb4+ 6. Bd2 Bd6 7. Nc3 O-O 8. Bd3 a6
9. O-O c5 10. dxc5 Bxc5 11. cxd5 exd5 12. Qc2 Nc6 13. a3 Bg4 14. Ng5 h6 15. Nh7
Nxh7 16. Bxh7+ Kh8 17. Bf5 Bh5 18. Na4 Bd6 19. Rfe1 Qc7 20. h3 Rad8 21. b4 Qe7
22. Bc3 Bb8 23. Nc5 Qc7 24. g3 Qe7 25. f4 Rfe8 26. Qb2 f6 27. Kh2 Bf7 28. Rac1
Ba7 29. Bb1 Rd6 30. Qc2 Bg8 31. Qf5 Red8 32. Bd4 Re8 33. Bc3 a5 34. Qg4 axb4 35.
axb4 Rdd8 36. Bg6 Bf7 37. Bd3 Bb8 38. Qf5 Bg8 39. Bb5 Bd6 40. Ba1 Bh7 41. Qh5
Nxb4 42. Bxe8 Rxe8 43. Bd4 Rb8 44. Red1 b6 45. Nb3 Be4 46. Qe2 Bg6 47. Bc3 Be4
48. Nd4 Qe8 49. Bxb4 Bxb4 50. Nc6 Ra8 51. Nxb4 Ra4 52. Nxd5 Qa8 53. Nc3 Bf3 54.
Qd2 Bxd1 55. Rxd1 Rc4 56. Qd8+ Qxd8 57. Rxd8+ Kh7 58. Rd3 Rb4 59. g4 Rb2+ 60.
Kg3 b5 61. Rd7 b4 62. Ne4 b3 63. Nxf6+ Kg6 64. Ne8 Kh7 65. Rxg7+ Kh8 66. Rb7 Rb1
67. Nf6 1-0

[Event "IMSA Basque w 2016"]
[Site "Huai'an CHN"]
[Date "2016.03.03"]
[Round "5.14"]
[White "Ushenina, Anna"]
[Black "Ju, Wenjun"]
[Result "0-1"]
[WhiteTitle "GM"]
[BlackTitle "GM"]
[WhiteElo "2450"]
[BlackElo "2558"]
[WhiteFideId "14110911"]
[BlackFideId "8603006"]
[EventDate "2016.03.02"]

1. d4 d6 2. e4 Nf6 3. Nc3 e5 4. Nge2 Nbd7 5. g3 g6 6. Bg2 Bg7 7. h3 O-O 8. O-O
Re8 9. Bg5 h6 10. Be3 exd4 11. Bxd4 c6 12. a4 Qc7 13. Qd2 Ne5 14. f4 Nc4 15. Qc1
Bd7 16. b3 Nb6 17. Kh2 a5 18. Qd2 c5 19. Bxf6 Bxf6 20. Rad1 Be7 21. f5 g5 22. f6
Bf8 23. Qd3 c4 24. Qf3 Rac8 25. Rd2 Qc5 26. Rfd1 Bc6 27. Nd4 cxb3 28. cxb3 Qe5
29. Ndb5 Re6 30. Rf1 Nd7 31. Nd4 Rxf6 32. Nf5 Rxf5 33. Qxf5 Qxc3 34. Qxf7+ Kh8
35. Rdf2 Bg7 36. Rf5 Ne5 37. Qe6 Bd7 38. Qxd6 Bxf5 39. exf5 Nf7 40. Qd5 Be5 41.
Rf3 Qc7 42. f6 Rd8 43. Qb5 b6 44. b4 axb4 45. Qxb4 Rd6 46. Qe4 Rxf6 47. Rxf6
Bxf6 48. Qg6 Bg7 49. Be4 Kg8 50. Bd5 Qd7 51. Qe4 Kh8 52. Qc4 Ne5 53. Qe4 0-1

[Event "IMSA Basque w 2016"]
[Site "Huai'an CHN"]
[Date "2016.03.03"]
[Round "5.15"]
[White "Socko, Monika"]
[Black "Khotenashvili, Bela"]
[Result "0-1"]
[WhiteTitle "GM"]
[BlackTitle "GM"]
[WhiteElo "2448"]
[BlackElo "2502"]
[WhiteFideId "1106619"]
[BlackFideId "13602640"]
[EventDate "2016.03.02"]

1. d4 g6 2. c4 Bg7 3. e4 c5 4. d5 d6 5. Nc3 e6 6. Bd3 Ne7 7. Nf3 O-O 8. O-O h6
9. Be3 exd5 10. exd5 Bg4 11. h3 Bxf3 12. Qxf3 Nd7 13. Qe2 Ne5 14. Rae1 Nxd3 15.
Qxd3 Nf5 16. Bf4 Qd7 17. g4 Nd4 18. Qg3 Rad8 19. Nb5 Nxb5 20. cxb5 g5 21. Bc1
Qxb5 22. Re7 Rfe8 23. Rfe1 Rxe7 24. Rxe7 Qc4 25. Bd2 Bf6 26. Rxb7 Qxd5 27. Qb3
c4 28. Qb4 Re8 29. Rb8 Rxb8 30. Qxb8+ Kg7 31. Bb4 Be5 32. Qxa7 Bxb2 33. Qe3 Qe5
34. Qb6 d5 35. Qd8 Qe6 36. Bc5 Bf6 37. Qf8+ Kh7 38. a4 d4 39. Qb8 d3 40. Qb1 Qc6
41. Qb4 d2 42. Qb1+ Kg7 43. Be3 c3 44. Qd1 Qd5 45. Kf1 Qd3+ 46. Kg2 Bd4 47.
Bxd4+ Qxd4 48. a5 Qe4+ 49. f3 Qe1 50. Qb3 d1=Q 0-1

[Event "IMSA Basque w 2016"]
[Site "Huai'an CHN"]
[Date "2016.03.03"]
[Round "5.16"]
[White "Khotenashvili, Bela"]
[Black "Socko, Monika"]
[Result "1-0"]
[WhiteTitle "GM"]
[BlackTitle "GM"]
[WhiteElo "2502"]
[BlackElo "2448"]
[WhiteFideId "13602640"]
[BlackFideId "1106619"]
[EventDate "2016.03.02"]

1. c4 Nf6 2. Nf3 g6 3. d4 Bg7 4. Nc3 d6 5. e4 O-O 6. h3 Na6 7. Bg5 Qe8 8. Be2 e5
9. d5 Nh5 10. g3 f5 11. exf5 gxf5 12. Nh4 Nf6 13. Qc2 Nb4 14. Qb3 a5 15. a3 Na6
16. Qc2 e4 17. Ng2 Nc5 18. Be3 Nfd7 19. Nf4 Ne5 20. O-O-O Bd7 21. Rdg1 Na4 22.
Nxa4 Bxa4 23. Qd2 Bb3 24. Ne6 Rf7 25. Nxg7 Rxg7 26. Qc3 b5 27. Qxb3 bxc4 28.
Bxc4 Rb8 29. Qc2 Nf3 30. Rd1 Qg6 31. Kb1 Re7 32. Qc3 a4 33. Rc1 Qe8 34. Rc2 Rf7
35. Be2 Re7 36. g4 fxg4 37. hxg4 Rb3 38. Qf6 Ne5 39. Rh5 Ng6 40. Rf5 Qb8 41. Bd4
Rh3 42. Rh5 Rf7 43. Qg5 Qb3 44. Rxh3 Qxh3 45. Qd8+ Rf8 46. Qxc7 Rf7 47. Qc8+ Nf8
48. Rc7 e3 49. Rxf7 Qh1+ 50. Ka2 Kxf7 51. Qf5+ Ke7 52. fxe3 Ng6 53. Bf6+ Ke8 54.
Bb5+ Kf8 55. Qc8+ Kf7 56. Qe6+ Kf8 57. Qe8# 1-0